000
00331nam a2200133Ia 4500
008
240624s9999 xx 000 0 und d
041
_a
eng
082
_a
332.645 MUR
100
_a
MURTY G R K
245
_a
DERIVATIVE MARKETS I
260
_c
2003
_a
Hyderabad
_b
ICFAI University
300
_a
xii, : 200 : p. : cm. ; 23
365
_c
RS
999
_c
2822
_d
2822